| 000 | 00915nam a22002177a 4500 | ||
|---|---|---|---|
| 999 |
_c5752 _d5752 |
||
| 003 | AR-CdUCM | ||
| 008 | 190313b ||||| |||| 00| 0 spa d | ||
| 040 |
_aMUNICIPALIDAD PROVINCIAL DEL CUSCO _cBIBLIOTECA MUNICIPAL DEL CUSCO |
||
| 082 |
_a375.492 / _bL26 |
||
| 100 |
_aLarran de Vere, A _917114 |
||
| 245 | _aEl teatro en la Escuela / | ||
| 260 |
_aBuenos Aires : _bAtlantida, _c1957. |
||
| 300 |
_a166 paginas ; _bIlustraciones, _c21cm. |
||
| 500 | _aLa escuela en el tiempo | ||
| 505 | _aContenido: El teatro en la educación de los jóvenes -- El repertorio -- Maestros, espectadores y actores -- la educación del niño mediante el arte dramático -- El teatro de títeres como espectáculo para niños -- Espectáculos de títeres realizados por niños. | ||
| 650 |
_aTeatro en la educación _917115 |
||
| 650 |
_aTeatro infantil _912316 |
||
| 650 |
_aPerú _935 |
||
| 942 |
_2ddc _cLIBROS |
||
| 945 | _apjha | ||